| 000 | 00392nam a2200157Ia 4500 | ||
|---|---|---|---|
| 005 | 20250314135108.0 | ||
| 008 | 231217s9999 xx 000 0 und d | ||
| 020 | _a9788120318120 | ||
| 082 | _a658.3 KAN;1 R | ||
| 100 | _aKandula, Srinivas R | ||
| 245 | 0 | _aStrategic human resource development | |
| 260 |
_c2001 _bPHI _aNew Delhi |
||
| 300 | _a380 | ||
| 650 | _aStrategic | ||
| 942 | _cAA | ||
| 999 |
_c181269 _d181269 |
||